002270000a220007300045001000021000002450063000213000050000847730019001341 aKroker, Valdemar10aO que Menno Simons diria da nossa prática missionária? aVol. 7, Num. 1 (Junio, 1997), Páginas 63-740 tVox Scripturae